South Africa and U.S. multinational corporations

Αποθηκεύτηκε σε:
Λεπτομέρειες βιβλιογραφικής εγγραφής
Κύριος συγγραφέας: Seidman, Ann Willcox, 1926-
Άλλοι συγγραφείς: Makgetla, Neva
Μορφή: Βιβλίο
Γλώσσα:English
Δημοσίευση: Westport, Connecticut, Lawrence Hill, 1978.
Θέματα:
Ετικέτες: Προσθήκη ετικέτας
Δεν υπάρχουν, Καταχωρήστε ετικέτα πρώτοι!

MARC

LEADER 00000cam a2200000 a 4500
001 1/113259
008 170308s1978####ctu| ||| |||| ||eng||
020 |a 0882080857 
040 |a GR-MyUa  |b gre  |c GR-MyUa  |e AACR2 
041 0 |a eng 
082 7 |a 338.8897   |2 (23)  
100 1 |a Seidman, Ann Willcox,   |d 1926- 
245 1 0 |a South Africa and U.S. multinational corporations /   |c Ann & Neva Seidman.  
260 |a Westport, Connecticut,   |b Lawrence Hill,   |c 1978.  
300 |a xxxii, 251 σ. ;   |c 22 εκ.  
504 |a Περιλαμβάνει βιβλιογραφία και ευρετήριο.  
650 0 |a Investments, American  |y South Africa. 
650 0 |a Corporations, American  |y South Africa. 
651 0 |a South Africa  |x Economic conditions. 
700 1 |a Makgetla, Neva. 
852 |a INST  |b LESVOS  |e 20170308  |h 338.8897 SEI  |p 005100058835  |q 005100058835  |t BK  |y 0 
970 |a Τζαφέρη  |b Ευαγγελία  |z 08-03-2017